000 00702nam a2200217 a 4500
001 64978
003 BD-RjUL
005 20211209081356.0
008 170226r19531942enkabef b 001 0 eng c
035 _a(BD-RjUL)65108
040 _aBD-RjUL
_cBD-RjUL
_dBD-RjUL
_beng
041 _aeng
082 _a932.01
_bLEG 1953
245 1 4 _aThe legacy of Egypt /
_cedited by S.R.K. Glanville.
260 _aOxford :
_bClarendon Press,
_cc1942 [ reprinted 1953 ].
300 _axx, 398 p. :
_bill. ;
_c19 cm.
504 _aIncludes bibliographical references and index.
651 0 _aEgypt
_xCivilization
_yTo 332 B.C.
_974974
700 1 _aGlanville, S. R. K.
_q(Stephen Ranulph Kingdon),
_968933
942 _2ddc
_cBK
999 _c64978
_d64978